| 000 | 006500000a22002170004500 | ||
|---|---|---|---|
| 003 | LK-CoMWRAF | ||
| 005 | 20231116151054.0 | ||
| 008 | 230817t1995 ||||| |||| 00| 0 eng d | ||
| 020 | _a0815626681 | ||
| 040 |
_aLK-CoMWRAF _dLK-CoMWRAF _eLK-CoMWRAF |
||
| 041 | _aeng | ||
| 082 |
_a305.48 _bFAI |
||
| 245 |
_aFaith and Freedom: _bWomen's Human Rights In The Muslim World |
||
| 260 |
_aNew York; _bSyracuse, _c1995 |
||
| 300 |
_axi,244p. ; 23cm. _bIndex included |
||
| 650 | _aWOMEN'S RIGHTS-ISLAMIC COUNTRIES | ||
| 650 | _a Muslim women | ||
| 650 | _aWomen's rights -- Religious aspects -- Islam; | ||
| 700 |
_a Afkhami, Mahnaz _eed. |
||
| 942 | _cBK | ||
| 999 |
_c417 _d417 |
||